| 000 | 00492nam a2200145Ia 4500 | ||
|---|---|---|---|
| 008 | 140724s9999 xx 000 0 und d | ||
| 050 |
_aP 91 _b.K46 2012 |
||
| 100 | _aKi, Han Seul. | ||
| 245 | 2 |
_aA content analysis of violence in Park Chan Wook Films from 2000-2011 / _cHan Seul Ki. |
|
| 260 |
_aLas PiƱas, Philippines : _bSouthville International School and Colleges, _cc2012. |
||
| 300 |
_a55 p. : _bcol. Ill. ; _c28 cm. |
||
| 521 | _aMass Communication | ||
| 942 | _cTH | ||
| 999 |
_c228842 _d228842 |
||